Chinese love signs : (Record no. 591615)
[ view plain ]
| 000 -LEADER | |
|---|---|
| fixed length control field | 00952cam a22002654a 4500 |
| 001 - CONTROL NUMBER | |
| control field | 12857551 |
| 005 - DATE AND TIME OF LATEST TRANSACTION | |
| control field | 20221010130348.0 |
| 008 - FIXED-LENGTH DATA ELEMENTS--GENERAL INFORMATION | |
| fixed length control field | 020717s2003 maua 000 0 eng |
| 010 ## - LIBRARY OF CONGRESS CONTROL NUMBER | |
| LC control number | 2002011338 |
| 020 ## - INTERNATIONAL STANDARD BOOK NUMBER | |
| International Standard Book Number | 1580628532 |
| 040 ## - CATALOGING SOURCE | |
| Original cataloging agency | DLC |
| Transcribing agency | DLC |
| Modifying agency | DLC |
| 042 ## - AUTHENTICATION CODE | |
| Authentication code | pcc |
| 050 00 - LIBRARY OF CONGRESS CALL NUMBER | |
| Classification number | BF1714.C5 |
| Item number | J87 2003 |
| 082 00 - DEWEY DECIMAL CLASSIFICATION NUMBER | |
| Classification number | 133.59251 |
| Author Mark | JUS |
| 100 1# - MAIN ENTRY--PERSONAL NAME | |
| Personal name | Justice, L. A. |
| 9 (RLIN) | 99676 |
| 245 10 - TITLE STATEMENT | |
| Title | Chinese love signs : |
| Remainder of title | using the secrets of the ancient Chinese zodiac to find true love / |
| Statement of responsibility, etc. | L.A. Justice. |
| 260 ## - PUBLICATION, DISTRIBUTION, ETC. | |
| Place of publication, distribution, etc. | Avon, Mass. : |
| Name of publisher, distributor, etc. | Adams Media Corp., |
| Date of publication, distribution, etc. | c2005. |
| 300 ## - PHYSICAL DESCRIPTION | |
| Extent | x, 150 p. : |
| Other physical details | ill. ; |
| Dimensions | 18 cm. |
| 650 #0 - SUBJECT ADDED ENTRY--TOPICAL TERM | |
| Topical term or geographic name entry element | Astrology, Chinese. |
| 9 (RLIN) | 99677 |
| 650 #0 - SUBJECT ADDED ENTRY--TOPICAL TERM | |
| Topical term or geographic name entry element | Love |
| Form subdivision | Miscellanea. |
| 9 (RLIN) | 99678 |
| 856 41 - ELECTRONIC LOCATION AND ACCESS | |
| Materials specified | Table of contents |
| Uniform Resource Identifier | <a href="http://www.loc.gov/catdir/toc/fy037/2002011338.html">http://www.loc.gov/catdir/toc/fy037/2002011338.html</a> |
| 906 ## - LOCAL DATA ELEMENT F, LDF (RLIN) | |
| a | 7 |
| b | cbc |
| c | orignew |
| d | 1 |
| e | ecip |
| f | 20 |
| g | y-gencatlg |
| 942 ## - ADDED ENTRY ELEMENTS (KOHA) | |
| Source of classification or shelving scheme | |
| Koha item type | Book |
| Withdrawn status | Lost status | Source of classification or shelving scheme | Damaged status | Not for loan | Permanent Location | Current Location | Shelving location | Date acquired | Source of acquisition | Total Checkouts | Total Renewals | Full call number | Barcode | Date last seen | Date last checked out | Price effective from | Koha item type |
|---|---|---|---|---|---|---|---|---|---|---|---|---|---|---|---|---|---|
| Central Library (CL) | Central Library (CL) | Chinese Studies | 10/10/2022 | Donated by China Embassy | 1 | 3 | 133.59251 JUS | CL-D-1843 | 04/12/2023 | 12/02/2022 | 10/10/2022 | Book |
